[Event "Lugano op"]
[Site "Lugano"]
[Date "2023.12.10"]
[Round "4"]
[White "Sokolov, Eugeny"]
[Black "Herrmann, Oliver"]
[Result "1/2-1/2"]
[WhiteElo "1825"]
[BlackElo "2163"]
[PlyCount "34"]
[EventDate "2023.12.09"]
[EventType "swiss"]
[EventRounds "5"]
[EventCountry "SUI"]
[SourceTitle "CB51_2023"]
[SourceDate "2023.12.20"]
[SourceVersion "1"]
[SourceVersionDate "2023.12.20"]
[SourceQuality "1"]

1. c4 f5 2. Nc3 Nf6 3. d4 d6 4. Nf3 g6 5. g3 Bg7 6. Bg2 0-0 7. 0-0 Nc6 8. d5 Ne5 9. Nxe5 dxe5 10. e4 f4 11. gxf4 Nh5 12. fxe5 Bxe5 13. Ne2 Qd6 14. f4 Nxf4 15. Bxf4 Bxf4 16. Nxf4 Rxf4 17. Rxf4 Qxf4 1/2-1/2

[Event "Staufer op 23rd"]
[Site "Leinzell"]
[Date "2011.01.05"]
[Round "8"]
[White "Koller, Jens"]
[Black "Herrmann, Oliver"]
[Result "1-0"]
[WhiteElo "2243"]
[BlackElo "2113"]
[PlyCount "71"]
[EventDate "2011.01.02"]
[EventType "swiss"]
[EventRounds "9"]
[EventCountry "GER"]
[SourceTitle "CBM 140 Extra"]
[Source "ChessBase"]
[SourceDate "2011.03.01"]
[SourceVersion "1"]
[SourceVersionDate "2011.03.01"]
[SourceQuality "1"]

1. e4 Nf6 2. e5 Nd5 3. d4 d6 4. c4 Nb6 5. exd6 cxd6 6. Nc3 g6 7. Be3 Bg7 8. Rc1 0-0 9. b3 f5 10. Nge2 e5 11. dxe5 dxe5 12. Qxd8 Rxd8 13. Bg5 Rd7 14. c5 h6 15. cxb6 hxg5 16. Nb5 Na6 17. bxa7 Rd8 18. Nec3 Bd7 19. Bc4+ Kh7 20. 0-0 e4 21. Rfd1 Bxc3 22. Nxc3 Bc6 23. Rxd8 Rxd8 24. Bxa6 bxa6 25. Na4 Bxa4 26. bxa4 Kg7 27. Kf1 f4 28. Rc6 f3 29. gxf3 exf3 30. Ke1 Kh6 31. Rxa6 Ra8 32. Kd2 Kh5 33. Ke3 Kg4 34. h3+ Kxh3 35. Kxf3 g4+ 36. Kf4 1-0

[Event "Staufer op 23rd"]
[Site "Leinzell"]
[Date "2011.01.04"]
[Round "5"]
[White "Herrmann, Oliver"]
[Black "Gheng, Josef"]
[Result "1-0"]
[WhiteElo "2113"]
[BlackElo "2335"]
[PlyCount "65"]
[EventDate "2011.01.02"]
[EventType "swiss"]
[EventRounds "9"]
[EventCountry "GER"]
[SourceTitle "CBM 140 Extra"]
[Source "ChessBase"]
[SourceDate "2011.03.01"]
[SourceVersion "1"]
[SourceVersionDate "2011.03.01"]
[SourceQuality "1"]

1. e4 c5 2. Nc3 Nc6 3. g3 g6 4. Bg2 Bg7 5. d3 d6 6. f4 e6 7. Nf3 Nge7 8. 0-0 0-0 9. Be3 Nd4 10. e5 Nec6 11. Ne4 dxe5 12. Nxe5 Nxe5 13. fxe5 Bxe5 14. c3 Nf5 15. Bxc5 Re8 16. Qf3 Bd7 17. d4 Bg7 18. g4 Bc6 19. Qf2 Nh6 20. Nd6 Re7 21. Bxc6 bxc6 22. g5 Ng4 23. Qg3 f5 24. h3 Rd7 25. hxg4 Qxg5 26. Qf4 Qxf4 27. Rxf4 e5 28. Rff1 exd4 29. gxf5 dxc3 30. f6 cxb2 31. Rab1 Bf8 32. f7+ Kg7 33. Ne8+ 1-0

[Event "Staufer op 23rd"]
[Site "Leinzell"]
[Date "2011.01.04"]
[Round "6"]
[White "Ikonnikov, Vyacheslav"]
[Black "Herrmann, Oliver"]
[Result "1-0"]
[WhiteElo "2580"]
[BlackElo "2113"]
[PlyCount "71"]
[EventDate "2011.01.02"]
[EventType "swiss"]
[EventRounds "9"]
[EventCountry "GER"]
[SourceTitle "CBM 140 Extra"]
[Source "ChessBase"]
[SourceDate "2011.03.01"]
[SourceVersion "1"]
[SourceVersionDate "2011.03.01"]
[SourceQuality "1"]

1. d4 f5 2. Nf3 Nf6 3. g3 g6 4. Bg2 Bg7 5. 0-0 0-0 6. b3 d6 7. Bb2 Qe8 8. c4 a5 9. Nbd2 h6 10. Qc2 Na6 11. a3 g5 12. e4 fxe4 13. Nxe4 Qg6 14. Nfd2 Bf5 15. Nxf6+ Bxf6 16. Ne4 Bg7 17. Rae1 c6 18. Qd2 Nc7 19. a4 Ne8 20. Re3 h5 21. d5 Bh6 22. f3 Rf7 23. Rfe1 c5 24. Nf2 Qh7 25. g4 Bg6 26. Bf1 b6 27. gxh5 Bxh5 28. Bd3 Bg6 29. Bxg6 Qxg6 30. Rxe7 Rxe7 31. Rxe7 g4 32. Qd3 Qxd3 33. Nxd3 gxf3 34. Kf2 Bg5 35. Rb7 Bd8 36. Nf4 1-0

[Event "Staufer op 23rd"]
[Site "Leinzell"]
[Date "2011.01.03"]
[Round "4"]
[White "Pribyl, Josef"]
[Black "Herrmann, Oliver"]
[Result "1/2-1/2"]
[WhiteElo "2331"]
[BlackElo "2113"]
[PlyCount "35"]
[EventDate "2011.01.02"]
[EventType "swiss"]
[EventRounds "9"]
[EventCountry "GER"]
[SourceTitle "CBM 140 Extra"]
[Source "ChessBase"]
[SourceDate "2011.03.01"]
[SourceVersion "1"]
[SourceVersionDate "2011.03.01"]
[SourceQuality "1"]

1. c4 f5 2. Nc3 Nf6 3. Nf3 d6 4. d4 g6 5. g3 Bg7 6. Bg2 0-0 7. 0-0 Qe8 8. d5 a5 9. Nd4 Na6 10. b3 Bd7 11. Bb2 g5 12. e3 f4 13. exf4 gxf4 14. Ne6 Bxe6 15. dxe6 c6 16. Ne2 fxg3 17. fxg3 Qh5 18. Nf4 1/2-1/2

[Event "GER-chT U20"]
[Site "Kelbra"]
[Date "2006.12.29"]
[Round "6.1"]
[White "Siebarth, Raiko"]
[Black "Herrmann, Oliver"]
[Result "1/2-1/2"]
[WhiteElo "2179"]
[BlackElo "2100"]
[PlyCount "118"]
[EventDate "2006.12.27"]
[EventType "team-swiss"]
[EventRounds "7"]
[EventCountry "GER"]
[SourceTitle "EXT 2008"]
[Source "ChessBase"]
[SourceDate "2007.11.25"]
[SourceVersion "1"]
[SourceVersionDate "2007.11.25"]
[SourceQuality "1"]
[WhiteTeam "Stadtilm Blau Weiss U20"]
[BlackTeam "Biebertal U20"]
[WhiteTeamCountry "GER"]
[BlackTeamCountry "GER"]

1. Nc3 c5 2. e4 Nc6 3. Nf3 g6 4. d4 cxd4 5. Nxd4 Bg7 6. Be3 Nf6 7. Bc4 d6 8. f3 0-0 9. Qd2 Bd7 10. 0-0 Ne5 11. Bb3 Rc8 12. Rad1 Nc4 13. Bxc4 Rxc4 14. Nb3 b6 15. Bg5 Be6 16. Qe3 Qa8 17. Nd4 Re8 18. Nxe6 fxe6 19. Rd2 Qc6 20. Ne2 Nd7 21. c3 Qc5 22. b3 Qxe3+ 23. Bxe3 Rc7 24. c4 Kf7 25. Nd4 Bxd4 26. Rxd4 Nb8 27. f4 Nc6 28. Rd2 Kg7 29. g4 Rcc8 30. Rf3 Rh8 31. Rg2 Rcd8 32. Bc1 Rhf8 33. Rd3 e5 34. f5 Nd4 35. Rh3 Rh8 36. Be3 Nc6 37. Bh6+ Kf6 38. g5+ Kf7 39. f6 exf6 40. gxf6 Rhe8 41. Bg7 Kg8 42. Rf2 Rd7 43. Rd3 Nd4 44. h4 Kf7 45. Bh6 Re6 46. Bg7 Re8 47. Kg2 a5 48. Kg3 Ne6 49. Bh6 Nc5 50. Re3 Re6 51. Bg7 Re8 52. Kg2 Ne6 53. Bh6 Nd4 54. Kf1 a4 55. h5 axb3 56. axb3 Ra7 57. hxg6+ hxg6 58. Bg7 Ne6 59. Rd3 Rd8 1/2-1/2

[Event "GER-chT U20"]
[Site "Kelbra"]
[Date "2006.12.28"]
[Round "3.1"]
[White "Herrmann, Oliver"]
[Black "Beyer, Till"]
[Result "1/2-1/2"]
[WhiteElo "2100"]
[BlackElo "2034"]
[PlyCount "53"]
[EventDate "2006.12.27"]
[EventType "team-swiss"]
[EventRounds "7"]
[EventCountry "GER"]
[SourceTitle "EXT 2008"]
[Source "ChessBase"]
[SourceDate "2007.11.25"]
[SourceVersion "1"]
[SourceVersionDate "2007.11.25"]
[SourceQuality "1"]
[WhiteTeam "Biebertal U20"]
[BlackTeam "Leipzig Mitte U20"]
[WhiteTeamCountry "GER"]
[BlackTeamCountry "GER"]

1. e4 d5 2. exd5 Qxd5 3. d4 Nc6 4. Nf3 Bg4 5. Be2 e6 6. h3 Bh5 7. Be3 0-0-0 8. Nbd2 Nge7 9. c4 Qd7 10. g4 Bg6 11. Qa4 h5 12. Rg1 Kb8 13. Kf1 hxg4 14. hxg4 Nc8 15. a3 Be7 16. c5 a6 17. b4 N8a7 18. g5 Bf5 19. Qb3 f6 20. a4 e5 21. dxe5 Nxe5 22. Nd4 Bh3+ 23. Ke1 Nac6 24. N2f3 Nxf3+ 25. Nxf3 Qe6 26. Qa3 fxg5 27. b5 1/2-1/2

[Event "Karl Mala Memorial op 10th"]
[Site "Griesheim"]
[Date "2006.07.20"]
[Round "1"]
[White "Herrmann, Oliver"]
[Black "Klamp, Yannic"]
[Result "1-0"]
[WhiteElo "2018"]
[BlackElo "1322"]
[PlyCount "37"]
[EventDate "2006.07.20"]
[EventType "swiss"]
[EventRounds "7"]
[EventCountry "GER"]
[SourceTitle "CBM 113 Extra"]
[Source "ChessBase"]
[SourceDate "2006.09.14"]
[SourceVersion "1"]
[SourceVersionDate "2006.09.14"]
[SourceQuality "1"]

1. e4 e6 2. Nf3 d5 3. Nc3 c5 4. exd5 exd5 5. d4 Nc6 6. Be2 Bf5 7. 0-0 Nf6 8. Be3 b6 9. dxc5 bxc5 10. Bb5 Rc8 11. Ne5 Bd7 12. Nxd7 Qxd7 13. Re1 Kd8 14. Bg5 Be7 15. Rxe7 Qxe7 16. Nxd5 Qe5 17. Bxc6 Rxc6 18. Nxf6+ Kc7 19. Bf4 1-0

[Event "Hessenliga 0506"]
[Site "Germany"]
[Date "2006.03.05"]
[Round "9.3"]
[White "Herrmann, Oliver"]
[Black "Geske, Julian"]
[Result "0-1"]
[WhiteElo "1925"]
[BlackElo "2086"]
[PlyCount "66"]
[EventDate "2005.09.11"]
[EventType "team"]
[EventRounds "11"]
[EventCountry "GER"]
[SourceTitle "EXT 2007"]
[Source "ChessBase"]
[SourceDate "2006.11.23"]
[SourceVersion "1"]
[SourceVersionDate "2006.11.23"]
[SourceQuality "1"]
[WhiteTeam "Biebertal"]
[BlackTeam "Hofheim II"]
[WhiteTeamCountry "GER"]
[BlackTeamCountry "GER"]

1. e4 e5 2. Nf3 Nc6 3. Bb5 a6 4. Ba4 Nf6 5. 0-0 Nxe4 6. d4 b5 7. Bb3 d5 8. dxe5 Be6 9. c3 Bc5 10. Nbd2 0-0 11. Bc2 Nxf2 12. Rxf2 f6 13. exf6 Bxf2+ 14. Kxf2 Qxf6 15. Kg1 Rae8 16. Nb3 Ne5 17. Bd3 Bg4 18. Be2 Nxf3+ 19. Bxf3 Bxf3 20. gxf3 Qg6+ 21. Kh1 Rxf3 22. Qxd5+ Kh8 23. Bd2 Rd3 24. Qb7 c6 25. Rg1 Qf6 26. Bf4 g5 27. Rxg5 Rd1+ 28. Kg2 Re2+ 29. Kf3 Rf2+ 30. Kxf2 Qxf4+ 31. Ke2 Qf1+ 32. Ke3 Rd3+ 33. Ke4 Qe2+ 0-1

[Event "Karl Mala Memorial op 09th"]
[Site "Frankfurt"]
[Date "2005.07.31"]
[Round "7"]
[White "Herrmann, Oliver"]
[Black "Minor, Samuel"]
[Result "1-0"]
[WhiteElo "1925"]
[BlackElo "2112"]
[PlyCount "113"]
[EventDate "2005.07.28"]
[EventType "swiss"]
[EventRounds "7"]
[EventCountry "GER"]
[SourceTitle "EXT 2006"]
[Source "ChessBase"]
[SourceDate "2005.11.24"]
[SourceVersion "1"]
[SourceVersionDate "2005.11.24"]
[SourceQuality "1"]

1. e4 e6 2. Nf3 d5 3. Nc3 Nf6 4. e5 Nfd7 5. d4 c5 6. dxc5 Nc6 7. Bf4 Bxc5 8. Bd3 Qb6 9. 0-0 Be7 10. Re1 0-0 11. Qe2 a6 12. Nd1 Nc5 13. c3 Nxd3 14. Qxd3 Qb5 15. Qd2 a5 16. a4 Qa6 17. Be3 b5 18. axb5 Qxb5 19. Nd4 Nxd4 20. Bxd4 a4 21. b4 Bd7 22. Nb2 a3 23. Nd3 Qc4 24. Bc5 Bb5 25. Bxe7 Qxd3 26. Qxd3 Bxd3 27. Bxf8 Kxf8 28. f4 Ke7 29. Kf2 Kd7 30. Ke3 Bc4 31. Kd4 Kc6 32. Rec1 Kb5 33. Rc2 Ra7 34. g4 Bb3 35. Rf2 a2 36. f5 h6 37. h4 Kb6 38. g5 hxg5 39. hxg5 Kb5 40. fxe6 fxe6 41. g6 Ra8 42. Rf7 Ka4 43. Rxg7 Ka3 44. Re7 Kb2 45. Rxa2+ Kxa2 46. Rxe6 Rg8 47. b5 Kb2 48. Rc6 Ba4 49. Kxd5 Bxb5 50. Rb6 Kxc3 51. Rxb5 Rxg6 52. e6 Rg5+ 53. Kc6 Rg6 54. Kd7 Kc4 55. Rf5 Rg3 56. e7 Rd3+ 57. Ke8 1-0

[Event "Karl Mala Memorial op 09th"]
[Site "Frankfurt"]
[Date "2005.07.29"]
[Round "3"]
[White "Herrmann, Oliver"]
[Black "Iwanziw, Niklas"]
[Result "1-0"]
[WhiteElo "1925"]
[BlackElo "1467"]
[PlyCount "87"]
[EventDate "2005.07.28"]
[EventType "swiss"]
[EventRounds "7"]
[EventCountry "GER"]
[SourceTitle "EXT 2006"]
[Source "ChessBase"]
[SourceDate "2005.11.24"]
[SourceVersion "1"]
[SourceVersionDate "2005.11.24"]
[SourceQuality "1"]

1. e4 d5 2. exd5 Nf6 3. d4 Nxd5 4. c4 Nf6 5. Nf3 Bg4 6. Be2 e6 7. 0-0 c5 8. Be3 cxd4 9. Nxd4 Bxe2 10. Qxe2 Be7 11. Rd1 Nbd7 12. Nd2 0-0 13. Rac1 Rc8 14. h3 h6 15. N2f3 Bc5 16. a3 e5 17. Nb5 Bxe3 18. Qxe3 a6 19. Nd6 Rc6 20. Nxe5 Nxe5 21. Nxf7 Nxc4 22. Nxh6+ gxh6 23. Qg3+ Kf7 24. Rxd8 Rxd8 25. b3 Nxa3 26. Rxc6 bxc6 27. Qc7+ Ke8 28. Qxc6+ Kf7 29. Qxa6 Nb1 30. b4 Nd2 31. b5 Nde4 32. b6 Nd6 33. b7 Rb8 34. Qxd6 Rxb7 35. Kh2 Rd7 36. Qf4 Kg6 37. g4 Rg7 38. Qf5+ Kf7 39. f4 Ke7 40. g5 Nh7 41. h4 Rf7 42. Qe5+ Kf8 43. g6 Rb7 44. Qh8+ 1-0

[Event "Hessen-ch U18"]
[Site "Bad Homburg"]
[Date "2005.??.??"]
[Round "4"]
[White "Herrmann, Oliver"]
[Black "Minor, Samuel"]
[Result "1/2-1/2"]
[WhiteElo "1965"]
[BlackElo "2098"]
[PlyCount "41"]
[EventDate "2005.04.??"]
[EventType "swiss"]
[EventRounds "8"]
[EventCountry "GER"]
[SourceTitle "EXT 2007"]
[Source "ChessBase"]
[SourceDate "2006.11.23"]
[SourceVersion "1"]
[SourceVersionDate "2006.11.23"]
[SourceQuality "1"]

1. e4 e6 2. Nf3 d5 3. Nc3 Nf6 4. e5 Nfd7 5. d4 c5 6. dxc5 Nxc5 7. Bd3 Nc6 8. 0-0 a6 9. Bf4 b6 10. Ne2 Qd7 11. c3 Nxd3 12. Qxd3 a5 13. a4 Ba6 14. Qd2 Be7 15. Rfe1 Bxe2 16. Qxe2 0-0 17. Red1 Rfd8 18. Bg5 h6 19. Bxe7 Qxe7 20. Rac1 Rac8 21. Nd4 1/2-1/2

[Event "GER-chT U20"]
[Site "Cologne"]
[Date "2004.12.30"]
[Round "7.3"]
[White "Herrmann, Oliver"]
[Black "Rinke, Nils"]
[Result "1-0"]
[WhiteElo "1897"]
[BlackElo "2047"]
[PlyCount "105"]
[EventDate "2004.12.27"]
[EventType "team"]
[EventRounds "7"]
[EventCountry "GER"]
[SourceTitle "CBM 104 Extra"]
[Source "ChessBase"]
[SourceDate "2005.03.01"]
[SourceVersion "1"]
[SourceVersionDate "2005.03.01"]
[SourceQuality "1"]
[WhiteTeam "Biebertal (U20)"]
[BlackTeam "Ricklingen (U20)"]
[WhiteTeamCountry "GER"]
[BlackTeamCountry "GER"]

1. e4 c5 2. Nc3 Nc6 3. g3 g6 4. Bg2 Bg7 5. d3 d6 6. f4 e6 7. Nf3 Nge7 8. 0-0 0-0 9. Be3 Nd4 10. e5 Nef5 11. Bf2 Nxf3+ 12. Qxf3 Nd4 13. Qd1 dxe5 14. fxe5 Bxe5 15. Ne4 f5 16. Nxc5 Qc7 17. b4 Rb8 18. c3 Nb5 19. d4 Bg7 20. Qb3 Qf7 21. Rfe1 b6 22. Nxe6 Bxe6 23. Rxe6 Nxc3 24. Rae1 Rbc8 25. Bc6 Rxc6 26. Rxc6 Qxb3 27. axb3 Ne4 28. Rd1 Rd8 29. Rc7 a5 30. bxa5 bxa5 31. d5 Be5 32. Ra7 Rb8 33. Rxa5 Rxb3 34. Bd4 Bxd4+ 35. Rxd4 Rb1+ 36. Kg2 Rb2+ 37. Kf3 Rb6 38. Ra7 g5 39. Rc7 Rb3+ 40. Ke2 Rb2+ 41. Kd1 Rb6 42. Rc6 Rb7 43. Kc2 Kf7 44. g4 Rd7 45. gxf5 Nd6 46. Kb3 Nxf5 47. Rd3 Ne7 48. Rc5 Rd6 49. Kc4 Kf6 50. Rc7 h5 51. Kc5 Rd8 52. Rf3+ Nf5 53. Rc6+ 1-0

[Event "GER-chT U20"]
[Site "Cologne"]
[Date "2004.12.27"]
[Round "1.3"]
[White "Krege, Sandra"]
[Black "Herrmann, Oliver"]
[Result "0-1"]
[WhiteElo "2035"]
[BlackElo "1897"]
[PlyCount "102"]
[EventDate "2004.12.27"]
[EventType "team"]
[EventRounds "7"]
[EventCountry "GER"]
[SourceTitle "CBM 104 Extra"]
[Source "ChessBase"]
[SourceDate "2005.03.01"]
[SourceVersion "1"]
[SourceVersionDate "2005.03.01"]
[SourceQuality "1"]
[WhiteTeam "Hettstedt (U20)"]
[BlackTeam "Biebertal (U20)"]
[WhiteTeamCountry "GER"]
[BlackTeamCountry "GER"]

1. e4 Nf6 2. e5 Nd5 3. d4 d6 4. Bc4 Nb6 5. Bb3 dxe5 6. Qh5 e6 7. dxe5 Nc6 8. c3 g6 9. Qe2 Bg7 10. Nf3 h6 11. Bf4 Nd5 12. Bg3 0-0 13. Nbd2 Qe7 14. 0-0 a5 15. Rfe1 a4 16. Bxd5 exd5 17. Nf1 Be6 18. Qb5 Qd7 19. Qc5 b6 20. Qe3 Na5 21. Nd4 Nc4 22. Qe2 Rfe8 23. f4 Bg4 24. Qc2 c5 25. Ne2 Bf5 26. Qc1 Qb5 27. Ne3 Nxe3 28. Qxe3 Qxb2 29. Bf2 Qb5 30. Ng3 Qd7 31. Red1 Rad8 32. Nxf5 Qxf5 33. Rab1 Qe6 34. Qd3 g5 35. f5 Qxe5 36. Rxb6 c4 37. Qf3 Qxc3 38. Qxc3 Bxc3 39. Rxh6 Re2 40. Rc6 Rxa2 41. Rxc4 dxc4 42. Rxd8+ Kg7 43. Be3 Bf6 44. Rc8 c3 45. g4 a3 46. h4 gxh4 47. g5 Be5 48. Re8 f6 49. g6 h3 50. Re7+ Kf8 51. Rf7+ Kg8 0-1

[Event "Karl Mala Memorial op 08th"]
[Site "Frankfurt"]
[Date "2004.07.23"]
[Round "2"]
[White "Rosa, Mike"]
[Black "Herrmann, Oliver"]
[Result "1-0"]
[WhiteElo "2026"]
[BlackElo "1790"]
[PlyCount "51"]
[EventDate "2004.07.22"]
[EventType "swiss"]
[EventRounds "7"]
[EventCountry "GER"]
[SourceTitle "EXT 2005"]
[Source "ChessBase"]
[SourceDate "2004.11.15"]
[SourceVersion "1"]
[SourceVersionDate "2004.11.15"]
[SourceQuality "1"]

1. e4 Nf6 2. Nc3 d5 3. e5 Ne4 4. Nxe4 dxe4 5. d4 exd3 6. Bxd3 Nc6 7. f4 e6 8. Be3 Be7 9. Nf3 0-0 10. c3 a6 11. Qc2 h6 12. Rd1 Qe8 13. 0-0 b5 14. g4 Bb7 15. h4 Na5 16. g5 g6 17. h5 hxg5 18. fxg5 gxh5 19. Qh2 Kg7 20. Qf4 Rh8 21. Nh4 Nc4 22. Bc1 Qf8 23. Bxc4 bxc4 24. Rd7 Re8 25. g6 fxg6 26. Qg5 1-0

[Event "Hessen-ch U18"]
[Site "Oberbernhards"]
[Date "2004.??.??"]
[Round "2"]
[White "Herrmann, Oliver"]
[Black "Stich, Christopher"]
[Result "0-1"]
[WhiteElo "1835"]
[BlackElo "1700"]
[PlyCount "74"]
[EventDate "2004.04.??"]
[EventType "swiss"]
[EventRounds "7"]
[EventCountry "GER"]
[SourceTitle "EXT 2005"]
[Source "ChessBase"]
[SourceDate "2004.11.15"]
[SourceVersion "1"]
[SourceVersionDate "2004.11.15"]
[SourceQuality "1"]

1. e4 g6 2. d4 Bg7 3. Nf3 d6 4. h3 Nc6 5. Be2 e5 6. Be3 Nf6 7. Nc3 0-0 8. 0-0 exd4 9. Nxd4 Re8 10. Nxc6 bxc6 11. Bd3 a6 12. f4 Bb7 13. f5 Nd7 14. Qd2 d5 15. exd5 cxd5 16. Bg5 f6 17. Bh4 g5 18. Bg3 c5 19. Be2 Ne5 20. Rad1 d4 21. Na4 Bf8 22. c3 Qd5 23. Rf2 Qc6 24. Bxe5 Rxe5 25. Bc4+ Kg7 26. b3 Rd8 27. Qc2 Qc7 28. Nb2 Re3 29. Rd3 Re1+ 30. Rf1 Rxf1+ 31. Kxf1 Be4 32. Qe2 Qf4+ 33. Rf3 Bxf3 34. gxf3 Qc1+ 35. Kg2 dxc3 36. Qe6 Rd2+ 37. Kg3 Qg1# 0-1